000 00327nam a22001337a 4500
008 181031b xxu||||| |||| 00| 0 eng d
020 _a9780205352319
041 _aeng
080 _26th
_a316
100 _a50
101 _aSOC
245 _aTechniques and Guidelines for Social Work Practice
_cSheafor,B.W
942 _2udc
_cBK
999 _c51289
_d51289